Curso de contabilidad superior

Tallennettuna:
Bibliografiset tiedot
Päätekijä: Finney, H. A (Tekijä)
Aineistotyyppi: Kirja
Kieli:espanja
Julkaistu: Ciudad de México UTEHA 1944
Sarja:Biblioteca de Contabilidad Superior, 7-8
Aiheet:
Tagit: Lisää tagi
Ei tageja, Lisää ensimmäinen tagi!

MARC

LEADER 00000nam a2200000 a 4500
001 UCR9813
003 CL-VaPUC
008 980619e19440000MX |||||||||||||||||spa|d
082 0 4 |a 657.046  |b FIN  |2 21 
100 0 |a Finney, H. A  |e author  |9 412743 
245 1 0 |a Curso de contabilidad superior 
300 |a 3 v 
942 |c BK 
945 |d 19980619 00:00:00  |a cmena 
260 |a Ciudad de México  |b UTEHA  |c 1944 
500 |a v.1: Teoría 
500 |a v.2: Material de práctica. Preguntas y problemas 
500 |a v.3: Respuestas a las preguntas y soluciones de los problemas 
650 0 |a Contabilidad   |9 261430 
650 0 |a Auditoría  |9 307008 
650 0 |a Sociedades comerciales   |9 257290 
650 7 |a SEGUROS  |2 CL-VaPUC  |9 412744 
650 0 |a Deudas   |9 350077 
650 0 |a Contabilidad de costos   |9 260564 
650 0 |a Administración financiera  |9 261146 
650 0 |a Operaciones administrativas  |9 335045 
650 0 |a Estados de cuentas  |9 352305 
650 0 |a Acciones  |9 334173 
650 0 |a Capital   |9 263726 
650 0 |a Inversiones  |9 345867 
650 7 |a PRESUPUESTO  |2 CL-VaPUC  |9 306206 
583 |a last modification  |c 19980619 00:00:00  |k Rodrigo Vera 
490 0 |a Biblioteca de Contabilidad Superior, 7-8 
999 |c 270989  |d 270987 
952 |0 0  |1 0  |4 0  |6 657_046000000000000_FIN_1944  |7 0  |8 P  |9 305468  |a BIBGIM  |b BIBGIM  |d 2019-11-20  |h v.1  |i 1420879  |o 657.046 FIN 1944  |p 1420879  |r 2025-01-15  |w 2019-11-20  |y BK  |k COM 
952 |0 0  |1 0  |4 0  |6 657_046000000000000_FIN_1944  |7 0  |8 P  |9 305469  |a BIBGIM  |b BIBGIM  |d 2019-11-20  |h v.2  |i 1420887  |o 657.046 FIN 1944  |p 1420887  |r 2025-01-15  |w 2019-11-20  |y BK  |k COM 
952 |0 0  |1 0  |4 0  |6 657_046000000000000_FIN_1944  |7 0  |8 P  |9 305470  |a BIBGIM  |b BIBGIM  |d 2019-11-20  |h v.3  |i 1431838  |o 657.046 FIN 1944  |p 1431838  |r 2025-01-15  |w 2019-11-20  |y BK  |k COM